Analysis of Multi-path Transport using the Stream Control Transmission Protocol. (Record no. 58220)

MARC details
000 -LEADER
fixed length control field 00567nam a2200181Ia 4500
082 ## - DEWEY DECIMAL CLASSIFICATION NUMBER
Classification number R/2CS14
100 ## - MAIN ENTRY--AUTHOR NAME
Personal name Muhammad Yaqoob Junejo
100 ## - MAIN ENTRY--AUTHOR NAME
Personal name Roll No. 14CS36
100 ## - MAIN ENTRY--AUTHOR NAME
Personal name Supervisor - Dr. Imtiaz A. Halepoto
245 #0 - TITLE STATEMENT
Title Analysis of Multi-path Transport using the Stream Control Transmission Protocol.
260 ## - PUBLICATION, DISTRIBUTION, ETC. (IMPRINT)
Year of publication Nawabshah
Place of publication QUEST
Name of publisher 2018
300 ## - PHYSICAL DESCRIPTION
Number of Pages 45p
700 ## - ADDED ENTRY--PERSONAL NAME
Personal name Lewal Kumar (Roll No. 14CS30)
700 ## - ADDED ENTRY--PERSONAL NAME
Personal name Prem Kumar (Roll No. 14CS22)
700 ## - ADDED ENTRY--PERSONAL NAME
Personal name Dileep Kumar (Roll No. 14CS04)
700 ## - ADDED ENTRY--PERSONAL NAME
Personal name Prem Singh (Roll No. 14CS12)
942 ## - ADDED ENTRY ELEMENTS (KOHA)
Koha item type Thesis and Dissertation
Holdings
Withdrawn status Lost status Home library Current library Date acquired Full call number Accession Number Koha item type
    Research Section Research Section 16/04/2018 R/2CS14 14CS-T162 Thesis and Dissertation